Visualizzazione normale
Vista MARC
- Schermidori Fiorella
di Personal Name
Records bibliografici associati: 1
001 - CONTROL NUMBER
- control field: 19496
003 - CONTROL NUMBER IDENTIFIER
- control field: IT-RoPau
005 - DATE AND TIME OF LATEST TRANSACTION
- control field: 20140408161600.0
008 - FIXED-LENGTH DATA ELEMENTS
- fixed length control field: 140408|| aca||aabn | a|a d
040 ## - CATALOGING SOURCE
- Original cataloging agency: IT-RoPau
- Transcribing agency: IT-RoPau
100 ## - HEADING--PERSONAL NAME
- Personal name: Schermidori Fiorella
- Miscellaneous information: Codice interprete SPICS: 11146
- Relator term: Interprete
670 ## - SOURCE DATA FOUND
- Source citation: Work cat.: (IT-RoPau)103707: Deiss Lucien 1898, Tu amerai